00566 2200217 4500001002100000005001700021008004100038035002400079082000800103090001500111100001900126245006100145250001300206260004600219300002400265500001100289650001500300850001200315985000600327999001500333YOGYA-0209000005979720090227034715.0 ind  0010-020900000059797 a731 a731bSla M aSLADE, Richard aModeling in cly, plaster and papier machecRichard Slade a1 st. ed aNew YorkbLothrop, lee & shepard coc1968 a64 hlmbIlusc22 cm aIndeks aSeni Pahat aYOPDYOG a1 aa000018390